00242nam a2200085Ia 4500008004100000245005000041260003500091300001000126650002000136220216s9999 xx 000 0 und d 0aKultevat and keygene work on dandelion rubber bThe Rubber Internationalc2013 a46-47 aDandelio rubber